La apicultura: ¿una alternativa de desarrollo rural sostenible para las laderas secas de Nicaragua? /
ste artículo representa una investigación participativa enfocada en los actores del sector apícola y sus interacciones, tanto a nivel territorial como de cadenas productivas, en tres zonas de laderas del trópico seco de Nicaragua: Boaco, El Sauce y Ciudad Darío. Utilizando la metodología RAAKS se re...
Shranjeno v:
| Glavni avtor: | |
|---|---|
| Format: | Texto |
| Teme: | |
| Oznake: |
Označite
Brez oznak, prvi označite!
|
MARC
| LEADER | 00000 a a2200000 04500 | ||
|---|---|---|---|
| 001 | 46054 | ||
| 003 | |||
| 040 | |||
| 100 | |a Dietsch, Laurent | ||
| 245 | |a La apicultura: |b ¿una alternativa de desarrollo rural sostenible para las laderas secas de Nicaragua? / |c Laurent Dietsch | ||
| 520 | |a ste artículo representa una investigación participativa enfocada en los actores del sector apícola y sus interacciones, tanto a nivel territorial como de cadenas productivas, en tres zonas de laderas del trópico seco de Nicaragua: Boaco, El Sauce y Ciudad Darío. Utilizando la metodología RAAKS se realizó de manera sucesiva en cada territorio un mapa de actores y cadena de miel, un análisis de innovaciones, una identificación y medición de indicadores locales y una construcción de estrategias territoriales de desarrollo de la apicultura. Se analizaron las principales características e interrelaciones, y de forma general, los rasgos comunes y especificidades de las dinámicas de desarrollo de la apicultura en cada territorio. Su análisis sirvió de base a la formulación concertada de un conjunto de acciones estratégicas para el desarrollo de la apicultura en cada territorio con sus indicadores y metas. | ||
| 590 | |a AMB/DICIEMBRE2014 | ||
| 650 | |a DESARROLLO | ||
| 650 | |a DESARROLLO RURAL | ||
| 650 | |a DESARROLLO SOSTENIBLE | ||
| 650 | |a APICULTURA | ||
| 650 | |a NICARAGUA | ||
| 773 | |g volumen43, número89 (2011), páginas 7-38 : tablas, mapa | ||
| 999 | |c 21896 |d 21896 | ||
